<?xml version="1.0" encoding="UTF-8"?>
<record
    xmlns:xsi="http://www.w3.org/2001/XMLSchema-instance"
    xsi:schemaLocation="http://www.loc.gov/MARC21/slim http://www.loc.gov/standards/marcxml/schema/MARC21slim.xsd"
    xmlns="http://www.loc.gov/MARC21/slim">

  <leader>01624nam0a22002891  4500</leader>
  <controlfield tag="001">rc\4763088</controlfield>
  <controlfield tag="005">20260407215000.0</controlfield>
  <datafield tag="021" ind1=" " ind2=" ">
    <subfield code="a">RU</subfield>
    <subfield code="b">68-12366</subfield>
  </datafield>
  <datafield tag="021" ind1=" " ind2=" ">
    <subfield code="a">RU</subfield>
    <subfield code="b">&#x420;&#x433;2018-68</subfield>
  </datafield>
  <datafield tag="035" ind1=" " ind2=" ">
    <subfield code="a">(NLR Aleph) 008997481</subfield>
  </datafield>
  <datafield tag="090" ind1=" " ind2=" ">
    <subfield code="a">9285769</subfield>
    <subfield code="c">9285769</subfield>
  </datafield>
  <datafield tag="100" ind1=" " ind2=" ">
    <subfield code="a">20130417d1967    |||y0rusy50      ca</subfield>
  </datafield>
  <datafield tag="101" ind1="0" ind2=" ">
    <subfield code="a">rus</subfield>
  </datafield>
  <datafield tag="102" ind1=" " ind2=" ">
    <subfield code="a">RU</subfield>
  </datafield>
  <datafield tag="105" ind1=" " ind2=" ">
    <subfield code="a">a   z   |||||</subfield>
  </datafield>
  <datafield tag="200" ind1="1" ind2=" ">
    <subfield code="a">&#x414;&#x43E;&#x43A;&#x43B;&#x430;&#x434;&#x44B; &#x43A; I &#x41C;&#x435;&#x436;&#x434;&#x443;&#x43D;&#x430;&#x440;&#x43E;&#x434;&#x43D;&#x43E;&#x43C;&#x443; &#x43A;&#x43E;&#x43D;&#x433;&#x440;&#x435;&#x441;&#x441;&#x443; &#x43F;&#x43E; &#x43C;&#x435;&#x445;&#x430;&#x43D;&#x438;&#x43A;&#x435; &#x441;&#x43A;&#x430;&#x43B;&#x44C;&#x43D;&#x44B;&#x445; &#x43F;&#x43E;&#x440;&#x43E;&#x434;. (25 &#x441;&#x435;&#x43D;&#x442;&#x44F;&#x431;&#x440;&#x44F; - 1 &#x43E;&#x43A;&#x442;&#x44F;&#x431;&#x440;&#x44F; 1966 &#x433;. &#x41B;&#x438;&#x441;&#x441;&#x430;&#x431;&#x43E;&#x43D;, &#x41F;&#x43E;&#x440;&#x442;&#x443;&#x433;&#x430;&#x43B;&#x438;&#x44F;)</subfield>
    <subfield code="f">&#x41F;&#x43E;&#x434; &#x440;&#x435;&#x434;. &#x437;&#x430;&#x441;&#x43B;. &#x434;&#x435;&#x44F;&#x442;&#x435;&#x43B;&#x44F; &#x43D;&#x430;&#x443;&#x43A;&#x438; &#x438; &#x442;&#x435;&#x445;&#x43D;&#x438;&#x43A;&#x438;, &#x447;&#x43B;.-&#x43A;&#x43E;&#x440;. &#x410;&#x41D; &#x421;&#x421;&#x421;&#x420;, &#x434;-&#x440;&#x430; &#x442;&#x435;&#x445;&#x43D;. &#x43D;&#x430;&#x443;&#x43A;, &#x43F;&#x440;&#x43E;&#x444;. &#x41D;.&#x410;. &#x426;&#x44B;&#x442;&#x43E;&#x432;&#x438;&#x447;&#x430;</subfield>
    <subfield code="g">&#x41E;&#x440;&#x434;&#x435;&#x43D;&#x430; &#x422;&#x440;&#x443;&#x434;&#x43E;&#x432;&#x43E;&#x433;&#x43E; &#x41A;&#x440;&#x430;&#x441;&#x43D;&#x43E;&#x433;&#x43E; &#x417;&#x43D;&#x430;&#x43C;&#x435;&#x43D;&#x438; &#x43D;&#x430;&#x443;&#x447;.-&#x438;&#x441;&#x441;&#x43B;&#x435;&#x434;. &#x438;&#x43D;-&#x442; &#x43E;&#x441;&#x43D;&#x43E;&#x432;&#x430;&#x43D;&#x438;&#x439; &#x438; &#x43F;&#x43E;&#x434;&#x437;&#x435;&#x43C;&#x43D;&#x44B;&#x445; &#x441;&#x43E;&#x43E;&#x440;&#x443;&#x436;&#x435;&#x43D;&#x438;&#x439; &#x413;&#x43E;&#x441;&#x441;&#x442;&#x440;&#x43E;&#x44F; &#x421;&#x421;&#x421;&#x420;. &#x41D;&#x430;&#x446;. &#x430;&#x441;&#x441;&#x43E;&#x446;&#x438;&#x430;&#x446;&#x438;&#x44F; &#x421;&#x421;&#x421;&#x420; &#x43F;&#x43E; &#x43C;&#x435;&#x445;&#x430;&#x43D;&#x438;&#x43A;&#x435; &#x433;&#x440;&#x443;&#x43D;&#x442;&#x43E;&#x432; &#x438; &#x444;&#x443;&#x43D;&#x434;&#x430;&#x43C;&#x435;&#x43D;&#x442;&#x43E;&#x441;&#x442;&#x440;&#x43E;&#x435;&#x43D;&#x438;&#x44E;</subfield>
  </datafield>
  <datafield tag="210" ind1=" " ind2=" ">
    <subfield code="a">&#x41C;&#x43E;&#x441;&#x43A;&#x432;&#x430;</subfield>
    <subfield code="c">&#x411;. &#x438;.</subfield>
    <subfield code="d">1967</subfield>
  </datafield>
  <datafield tag="215" ind1=" " ind2=" ">
    <subfield code="a">188 &#x441;.</subfield>
    <subfield code="c">&#x438;&#x43B;.</subfield>
    <subfield code="d">24</subfield>
  </datafield>
  <datafield tag="300" ind1=" " ind2=" ">
    <subfield code="a">&#x41E;&#x442;&#x43F;&#x435;&#x447;. &#x43C;&#x43D;&#x43E;&#x436;&#x438;&#x442;. &#x430;&#x43F;&#x43F;&#x430;&#x440;&#x430;&#x442;&#x43E;&#x43C;</subfield>
  </datafield>
  <datafield tag="320" ind1=" " ind2=" ">
    <subfield code="a">&#x411;&#x438;&#x431;&#x43B;&#x438;&#x43E;&#x433;&#x440;. &#x432; &#x43A;&#x43E;&#x43D;&#x446;&#x435; &#x434;&#x43E;&#x43A;&#x43B;&#x430;&#x434;&#x43E;&#x432;</subfield>
  </datafield>
  <datafield tag="702" ind1=" " ind2="1">
    <subfield code="a">&#x426;&#x44B;&#x442;&#x43E;&#x432;&#x438;&#x447;</subfield>
    <subfield code="b">&#x41D;.&#x410;.</subfield>
    <subfield code="f">1900-</subfield>
    <subfield code="g">&#x41D;&#x438;&#x43A;&#x43E;&#x43B;&#x430;&#x439; &#x410;&#x43B;&#x435;&#x43A;&#x441;&#x430;&#x43D;&#x434;&#x440;&#x43E;&#x432;&#x438;&#x447;</subfield>
    <subfield code="4">340</subfield>
  </datafield>
  <datafield tag="710" ind1="1" ind2="2">
    <subfield code="a">&#x41C;&#x435;&#x436;&#x434;&#x443;&#x43D;&#x430;&#x440;&#x43E;&#x434;&#x43D;&#x44B;&#x439; &#x43A;&#x43E;&#x43D;&#x433;&#x440;&#x435;&#x441;&#x441; &#x43F;&#x43E; &#x43C;&#x435;&#x445;&#x430;&#x43D;&#x438;&#x43A;&#x435; &#x441;&#x43A;&#x430;&#x43B;&#x44C;&#x43D;&#x44B;&#x445; &#x43F;&#x43E;&#x440;&#x43E;&#x434;</subfield>
    <subfield code="d">1</subfield>
    <subfield code="f">1966</subfield>
    <subfield code="e">&#x41B;&#x438;&#x441;&#x441;&#x430;&#x431;&#x43E;&#x43D;</subfield>
    <subfield code="3">RU\NLR\AUTH\8810144817</subfield>
    <subfield code="9">784027</subfield>
  </datafield>
  <datafield tag="801" ind1=" " ind2="0">
    <subfield code="a">RU</subfield>
    <subfield code="b">NLR</subfield>
    <subfield code="g">psbo</subfield>
  </datafield>
  <datafield tag="801" ind1=" " ind2="1">
    <subfield code="a">RU</subfield>
    <subfield code="b">ELAR</subfield>
    <subfield code="2">rusmarc</subfield>
  </datafield>
  <datafield tag="852" ind1=" " ind2=" ">
    <subfield code="a">NLR</subfield>
    <subfield code="j">68-7/630</subfield>
  </datafield>
  <datafield tag="942" ind1=" " ind2=" ">
    <subfield code="c">BOOK</subfield>
  </datafield>
  <datafield tag="980" ind1=" " ind2=" ">
    <subfield code="a">NB</subfield>
  </datafield>
  <datafield tag="995" ind1=" " ind2=" ">
    <subfield code="5">2013-10-26</subfield>
    <subfield code="b">NLR01</subfield>
    <subfield code="c">NLR01</subfield>
    <subfield code="e">RF31</subfield>
    <subfield code="f">8997481-10</subfield>
    <subfield code="k">68-7/630</subfield>
    <subfield code="o">0</subfield>
    <subfield code="r">BOOK</subfield>
    <subfield code="s">687630_</subfield>
  </datafield>
</record>
